000 01827cam a22003131ia4500
003 SA-RiAUC
005 20250806054011.0
008 250806s2006 su g 00010 ara c
040 _aSA-MaUQU
_bara
_cSA-RiAUC
_erda
043 _aa-su---
_aawgz---
082 0 4 _a252.5
_qSA-RiAUC
090 _a252.5
_b ا ب ن ض
100 1 _aابن الضياء، محمد بن أحمد بن الضياء،
_d789-854 هجري
_eمؤلف.
245 1 2 _aالبحر العميق في مناسك المعتمر والحاج إلى بيت الله العتيق :
_bفضائل مكة والمدينة والقدس، مناسك الحج، حج النبي صلى الله عليه وسلم، رحلة الحجيج، تاريخ الحرمين وآثارهما /
_cتصنيف أبي البقاء محمد بن أحمد بن محمد بن الضياء المكي الحنفي ؛ تحقيق عبد الله نذير أحمد عبد الرحمن مزي.
250 _aالطبعة الأولى.
264 1 _aمكة المكرمة :
_bالمكتبة المكية،
_c2006
300 _a5 مجلد ؛
_c24 سم
336 _aنص
_btxt
_2rdacontent
_3كتاب
337 _aبدون وسيط
_bn
_2rdamedia
338 _aمجلد
_bnc
_2rdacarrier
610 2 7 _aالمسجد الحرام
_xتاريخ
_2aucnm
610 2 7 _aالمسجد النبوي الشريف
_xتاريخ
_2aucnm
650 7 _aالحج
_2aucsh
650 7 _aالحج (فقه إسلامي)
_xمناسك
_2aucsh
700 1 _aمزي، عبد الله نذير أحمد
_eمحقق.
700 1 2 _iتحقيق لـ (عمل) :
_aابن الضياء، محمد بن أحمد بن الضياء،
_d789-854 هجري
_tالبحر العميق في مناسك المعتمر والحاج إلى بيت الله العتيق.
942 _2ddc
_cBOOK
_n0
949 _aSA-JeALM
_d250806
_ueid123
_n1
999 _c10574
_d10574